00801nam a2200181 a 450000100100000000500170001000800410002704000250006810000310009324500570012426000510018149000690023283000760030104900090037795201050038695201110049199900170060200002908020200930055322.0110413s1987 dr 000 0 spa d aDO-SdBNPbspacBNPHU1 aRosa, Jesús de la919724 3aEl estado, el cones y la UASD /cJesús de la Rosa. aSanto Domingo :bEditora Universitaria,c1987.1 aUniversidad Autónoma de Santo Domingov553aUASD Crítican33 0aUniversidad Autónoma de Santo Domingov553pUASD Crítican33955980 aBNPD 0010718PDaPDbPDcHDd2011-04-13iLF1l0o p29080-10r2020-06-25w2020-06-25yLFPDZNo se presta 0010718PDaPDbPDcHDd2015-06-15iLF1l0o p29080-20r2020-06-25te. 2w2020-06-25yLFPDZNo se presta c28572d28572